000 00815nam a22002297a 4500
003 BPGM
008 260627e2009 mx edolg |||| 001 0 spa d
040 _bspa
041 _aspa
_hspa
082 0 4 _a628.75097245
_bA28
245 _aACUEDUCTO II
_bLA HISTORIA DETRAS DE LA HISTORIA QUERETARO
250 _aPRIMERA EDICION
_b2009
260 _aMEXICO
_bGOBIERNO DEL ESTADO DE QUERETARO
_c2009
300 _a167 paginas
_b29 cm x 28.5 cm
336 _2rdacontent
_atexto
_btxt
337 _2rdamedia
_asin mediación
_bn
338 _2rdacarrier
_avolumen
_bnc
505 _aes una obra fundamental para entender la conservación del monumento más icónico de la ciudad de Santiago de Querétaro.
650 _2TECNOLOGÍA (CIENCIAS APLICADAS)
650 _2INGENIERÍA Y OPERACIONES AFINES
942 _2ddc
_cCOLQ
999 _c68684
_d68684